000 00601nam a2200193Ia 4500
003 GCL
008 140319s9999 xx 000 0 ara d
040 _aGCL /
_cGCL
082 0 4 _a811.008
_bق ج
100 1 _aعلى قاعود
245 1 0 _aجمهرة اشعار العرب /
_cعلى قاعود
700 1 _aابى زيد محمد بن الخطاب القرشى
260 _a[S.N] :
_bدار الكتب العلمية للنشر والتوزيع ،
_c1986
300 _a450 ص
490 _a
650 0 4 _aالادب العربى
650 0 4 _aالشعر الجاهلى
942 _2ddc
_cBK
999 _c54174
_d54174